| 000 | 00698nam a2200229 a 4500 | ||
|---|---|---|---|
| 005 | 20240831063814.0 | ||
| 008 | 170905s1988 es r 000 0 spa d | ||
| 020 | _a847647153X | ||
| 035 | _aUPN01000220210 | ||
| 049 | _aI | ||
| 050 | 4 |
_aPQ6668 O3.75 _bB8.7 |
|
| 100 | 1 |
_aRodríguez Almodóvar, Antonio, _d1941- _930636 |
|
| 245 | 1 | 0 |
_aBurrita de plata / _cA. R. Almodóvar ; il. Pablo Torrecilla. |
| 260 |
_aMadrid : _bAlgaida, _c1988. |
||
| 300 |
_a15 p. : _bprincipalmente il. col. |
||
| 440 | 0 |
_aCuentos de la media lunita ; _v37 |
|
| 650 | 4 |
_aCuentos infantiles españoles _97725 |
|
| 700 | 1 |
_aTorrecilla, Pablo, _eil. |
|
| 905 | _aInfantil | ||
| 999 |
_c192309 _d192309 |
||